000 00195 a2200097 4500
001 14941
100 _aMikes G
245 _aEast is East
260 _a
_bAndre deutsch
_c
090 _c11707
_d11707
942 _aNUST-CAE
_cM
_c1900
999 _c250014
_d250014